书目信息 |
| 题名: |
打造中国资本市场的“产权板”
|
|
| 作者: | 贾保文 , 宋美华 著 | |
| 分册: | ||
| 出版信息: | 北京 中国经济出版社 2009 |
|
| 页数: | 260页 | |
| 开本: | 24cm | |
| 丛书名: | 《中德产权交易市场体系建设项目》丛书 | |
| 单 册: | ||
| 中图分类: | F279.272.1 | |
| 科图分类: | ||
| 主题词: | 企业--产权--市场--研究--天津市 , 企业 , 产权 , 市场 | |
| 电子资源: | ||
| ISBN: | 978-7-5017-8807-1 | |
| 000 | 01339oam2 2200325 45 | |
| 001 | 1034509206 | |
| 005 | 20100319082901.48 | |
| 010 | @a978-7-5017-8807-1@dCNY46.00 | |
| 100 | @a20100311d2009 em y0chiy50 ea | |
| 101 | 0 | @achi |
| 102 | @aCN@b110000 | |
| 105 | @ay z 000yy | |
| 106 | @ar | |
| 200 | 1 | @a打造中国资本市场的“产权板”@ADa Zao Zhong Guo Zi Ben Shi Chang De“ Chan Quan Ban”@e天津产权市场发展与创新问题研究@ETian Jin Chan Quan Shi Chang Fa Zhan Yu Chuang Xin Wen Ti Yan Jiu@f贾保文,宋美华著@FJia Bao Wen, Song Mei Hua Zhu |
| 210 | @a北京@c中国经济出版社@d2009 | |
| 215 | @a260页@d24cm | |
| 225 | 2 | @a《中德产权交易市场体系建设项目》丛书 |
| 300 | @a天津市“十五”社科研究规划课题 | |
| 330 | @a本书是对中国产权市场,特别是天津产权市场的研究。内容包括:产权与产权交易理论、中国产权市场:发生机理与演变逻辑、中国产权市场发展的现状与前途等共八章。 | |
| 461 | 0 | @12001 @a《中德产权交易市场体系建设项目》丛书 |
| 517 | 1 | @a天津产权市场发展与创新问题研究@ATian Jin Chan Quan Shi Chang Fa Zhan Yu Chuang Xin Wen Ti Yan Jiu |
| 606 | 0 | @a企业@x产权@x市场@x研究@y天津市 |
| 606 | 0 | @a企业 |
| 606 | 0 | @a产权 |
| 606 | 0 | @a市场 |
| 690 | @aF279.272.1@v4 | |
| 701 | 0 | @a贾保文@AJia Bao Wen@4著 |
| 701 | 0 | @a宋美华@ASong Mei Hua@4著 |
| 801 | 0 | @aCN@bTANGWEI@c20100319 |
| 905 | @b0585759-61@dF279.272.1@e796@f3 | |
| 打造中国资本市场的“产权板”:天津产权市场发展与创新问题研究/贾保文,宋美华著.-北京:中国经济出版社,2009 |
| 260页;24cm.-(《中德产权交易市场体系建设项目》丛书) |
| 天津市“十五”社科研究规划课题 |
| ISBN 978-7-5017-8807-1:CNY46.00 |
| 本书是对中国产权市场,特别是天津产权市场的研究。内容包括:产权与产权交易理论、中国产权市场:发生机理与演变逻辑、中国产权市场发展的现状与前途等共八章。 |
| ● |
| 相关链接 |
|
|
|
|
正题名:打造中国资本市场的"产权板"
索取号:F279.272.1/796
 
预约/预借
| 序号 | 登录号 | 条形码 | 馆藏地/架位号 | 状态 | 备注 |
| 1 | 0585759 | 205857599 | 第一样本阅览室/ [索取号:F279.272.1/796] | 在馆 | |
| 2 | 0585760 | 205857606 | 第一借阅区/ [索取号:F279.272.1/796] | 在馆 | |
| 3 | 0585761 | 205857615 | 密集书库-海洋学院/ [索取号:F279.272.1/796] | 在馆 |